| 000 | 00430nam a2200193Ia 4500 | ||
|---|---|---|---|
| 005 | 20240823034914.0 | ||
| 008 | 240823s9999||||xx |||||||||||||| ||und|| | ||
| 020 | _a978-0-330-45255-7 | ||
| 041 | _aENGLISH | ||
| 082 | _A823.92 P8 | ||
| 100 | _aBrain McGilloway | ||
| 245 | 0 | _aBorderlands | |
| 250 | _a1st | ||
| 260 |
_c2008 _b"Pan Books,L" |
||
| 500 | _aYES | ||
| 650 |
_aNovel _bEnglish |
||
| 942 | _cBK | ||
| 999 |
_c199407 _d199407 |
||